Quizzes
Events
Quiz Creation
Community
Videos
Private Events
Remove Ads
Sign In
Join for FREE
Feedback
Dark Mode
Quiz Categories
Sports
Geography
Music
Movies
Television
Just For Fun
Miscellaneous
History
Literature
Language
Science
Gaming
Entertainment
Religion
Holiday
For Kids
Quiz Lab
Recent
Popular Today
Quiz Kudos Today
Editor Picks
Curator Picks
Quizzes by...
Day
Popularity
Type
Ratings
Length
Year
Community
Subscriptions
Recent Discussions
Orange Saloon
Badges
Playlists
Quests
Create
Leaderboards
Showdown
Live 5
Trivia Bingo
Activity
Puzzle Library
Sporcle Events
Private Events
Virtual Trivia
Globe League
Become a Host
Pub Owners
SporcleCon
Opinionation
Our Games
Videos
Blog
Mobile Apps
Partnerships
Remove Ads and Go Orange
Feedback
Sports
Athletes
MLB
NBA
NHL
NFL
Soccer
Sports Teams
WWE
NCAA
Football
Premier League
Basketball
Baseball
Hockey
Golf
Tennis
Cricket
Rugby
Auto Racing
Olympics
World Cup
Sports
Athletes
MLB
NBA
NHL
NFL
Soccer
Sports Teams
WWE
NCAA
Football
Premier League
Basketball
Baseball
Hockey
Golf
Tennis
Cricket
Rugby
Auto Racing
Olympics
World Cup
Random Quiz
Search Sporcle
×
Quiz Lab
Quiz Lab
Sports
NCAA
Type in answers that appear in a list
Type in answers that appear in a list
Classic
Best Score? Go Orange.
NCAA FBS Teams with Color Nicknames Stats
Can you name the NCAA FBS (1-A) teams with a color in their nickname?
By
chazbell
5m
19 Questions
3,484 Plays
3,484 Plays
3,484 Plays
Comments
Comments
Give Quiz Kudos
Give Quiz Kudos
-
- Ratings
hide this ad
Random Order
Randomize order of answers
Randomize order of answers
Replay
Link that replays current quiz
Next Quiz
Link to next quiz in quiz playlist
You Got
0%
They Got
Avg Score
49%
Avg Friend Score
Upgrade to see
Score Distribution
Jump to the score distribution portion of the page
Score
0/19
Timer
05:00
0
Plays Today
School
% Correct
Syracuse
75.5%
Duke
71.5%
Alabama
69.8%
Texas Tech
68.8%
Tulane
66.5%
Stanford
57.1%
California
55.1%
Georgia Tech
51.8%
Tulsa
51.6%
Rutgers
51.1%
School
% Correct
Minnesota
50.8%
Army
48.7%
North Texas
46.3%
Middle Tennessee State
34.7%
Miami (OH)
32.9%
Arkansas State
31.5%
Southern Miss
29.9%
Kent State
29.8%
Florida International
21.5%
Quiz Playlist
Details
Report
Send in Message
Add To Playlist
Classic:
Type in answers that appear in a list
Random Order:
Randomize order of answers
Quiz Source
Last Updated: Sep 10, 2017
Quiz Scoreboard
CHALLENGE
Sign Up to Join the Scoreboard
Show All
Scores
Hide
Comments
May contain spoilers
Recently Published
Click the 1999 NBA Draft
by nibperrychub
Sports
2m
Alphabetical 'K' Countries by Flag Minefield
by ylime102
Geography
3m
Pick 6: Fruits
by JohnFran
Miscellaneous
15s
More to Explore
Quiz From the Vault
Featured Blog Post
15 Basketball Trivia Facts You Can Be March Mad About
hide this ad
You Might Also Like...
Tags
Color Quiz
NCAA Quiz
1-A
FBS
nickname
school
team
Today's Top Quizzes in Sports
Browse Sports
hide this ad
Today's Top Quizzes in NCAA
Browse NCAA
Top Contributed Quizzes in Sports
1
Les joueurs à 100 buts en Ligue 1 Uber Eats
2
Pick 6: NFL Teams
3
MLB 2 truths and a lie: Hall of Fame pitchers
4
2022 World Cup Stars
5
Criteria MLB: Left Handed Sluggers
6
Millionaire: NBA Finals Edition
7
Pick 6: Minor League Baseball
8
Click the 1998 NBA Draft
9
Don't Strike Out: 3000 Strikeouts
10
Pick 6: Olympics
Explore More
Trending Topics
Disney
Marvel
Harry Potter
Kpop
Anime
NBA
Crossword
Song
Soccer
Pokémon
Puzzle
NFL
The Office
Country
WWE
hide this ad
More By:
chazbell
Quiz
Plays
Rating
Category
Featured
Created
NCAA FBS Teams with Color Nicknames
3,484
4.71
Sports
Oct 1, 2009
Go to Creator's Profile
Score Distribution
Quiz Creator Spotlight
chazbell
Follow
Send a Message
Quizzes Created
-
Created Quiz Play Count
-
More By This Creator
Popular Quizzes Today
1
Countries of Asia Without Outlines Minefield
2
Find the US States - No Outlines Minefield
3
Pick 6: Fruits
4
Alphabetical 'K' Countries by Flag Minefield
5
The Countries of the World
6
Find the US States
7
US States
8
Match the Book to the Film X
More Sports Quizzes
Chris Bosh's Top Scoring teammates per season
Quiz Lab
Trending Quizzes
Pick 6: Mountains
Pick 6: Harry Potter
Pick 6: NFL Teams
Pick 6: Movie Franchises
Pick 6: Flags
Recently Updated
NWSL Teams
pecheneg
Women's Final Four Teams by Year
bhenderson79
Presidents Quartet II
eogle
Anything But Clue(do)
eogle
Anything But Oceanian Capitals
eogle
Anything But 7
eogle
Anything But Thing
eogle
Word Ladder: February 29
pecheneg
Song Title Questions
pecheneg
Women's NCAA Tournament #1 Seeds
pecheneg
Trending Topics
Crossword
Kpop
NBA
Anime
Disney
Harry Potter
Marvel
NFL
Soccer
WWE
Song
Pokémon
The Office
Country
Puzzle
Your Account Isn't Verified!
In order to create a playlist on Sporcle, you need to verify the email address you used during registration. Go to your
Sporcle Settings
to finish the process.
Report this User
Report this user for behavior that violates our
Community Guidelines
.
Details:
Send Report
Go to the Sporcle.com Mobile Site →
Comments